00521nam a2200145 a 4500001000500000005001700005008004100022020001800063050002100081100001900102245013600121260005400257300002400311650004000335086720140414131958.0041001s19uu xx 00 eng d a0-590-59928-3 aTR 611bW44 1996 aWeiner, Esther aThe Incredible human body, grades 3-6 :bgreat activities and two posters that teach about the major body systems /cEsther Weiner. aNew York :bScholastic Professional Books,c1996. a96 p. : ill. ; cm. aHuman anatomyxJuvenile literature.